000 00415nam a2200145Ia 4500
008 230917s9999||||xx |||||||||||||| ||und||
040 _e31064
_aMAIN
041 _aEnglish
082 _a954.82 A11C
100 _aAlalasundaram, R
245 0 _aColonial world of Ranga Pillai 1736-1761: A classified compendium of his diary
260 _aPondicherry
_bR Alalasundaram
_c1998
300 _axiii, 437 p.
942 _cBK
999 _c81019
_d81019